Business driven information systems / (Record no. 5857)

MARC details
000 -LEADER
fixed length control field 01162cam a2200205 a 4500
020 ## - INTERNATIONAL STANDARD BOOK NUMBER
ISBN 9780073376820
020 ## - INTERNATIONAL STANDARD BOOK NUMBER
ISBN 9780071314565
020 ## - INTERNATIONAL STANDARD BOOK NUMBER
ISBN 0071314563
050 00 - CALL NUMBER
Classification number HD30.2
Item number .B357
100 1# - AUTHOR
Personal name Baltzan, Paige.
245 10 - TITLE
Title Business driven information systems /
Statement of responsibility, etc Paige Baltzan.
250 ## - EDITION
Edition statement Third edition.
260 ## - PUBLICATION INFORMATION
Place of publication New York :
Name of publisher McGraw-Hill/Irwin,
Year of publication 2014.
300 ## - DESCRIPTION
Number of Pages 1 volume (various pagings) :
Other physical details color illustrations ;
Dimensions 28 cm.
500 ## - NOTES
General note Includes index.
505 ## - FORMATTED CONTENTS NOTE
Table of Content Module one. Business driven MIS. Management information -- systems: business driven MIS --<br/>Decisions and processes: value driven business --<br/>Ebusiness: electronic business value --<br/>Ethics and information security: MIS business concerns --<br/>Module two. Technical foundations of MIS. Infrastructures: sustainable technologies --<br/>Data: business intelligence --<br/>Networks: mobile business --<br/>Module three. Enterprise MIS --<br/>Enterprise applications: business communications --<br/>Systems development and project management: corporate responsibility --
650 #0 - SUBJECTS
Topical Term Information technology
General subdivision Management.
650 #0 - SUBJECTS
Topical Term Industrial management
General subdivision Data processing.
942 ## - ADDED ENTRY ELEMENTS (KOHA)
Koha item type Books
Holdings
Withdrawn status Lost status Collection code Home library Current library Shelving location Date acquired Full call number Accession Number Koha item type
    Reference Methodist University Library Main Methodist University Library Main General Stacks   HD30.2 .B357 37735 Books
    Reference Methodist University Library Main Methodist University Library Main General Stacks   HD30.2 .B357 37707 Books
    Reference Methodist University Library Main Methodist University Library Main General Stacks   HD30.2 .B357 37708 Books
Copyright © 2026  MUG Library